|
|
|
|
| LEADER |
01230nam a22003252a 4500 |
| 001 |
000202885 |
| 003 |
CZ BrMZK |
| 005 |
20110427130535.0 |
| 007 |
ta |
| 008 |
970103s1989 xr f cze d |
| 015 |
|
|
|a cnb000048315
|
| 035 |
|
|
|a (OCoLC)39437975
|
| 040 |
|
|
|a BOA001
|b cze
|
| 080 |
|
|
|a 663.64
|2 MRF
|
| 080 |
|
|
|a 663.81
|2 MRF
|
| 100 |
1 |
|
|a Hrudková, Alena
|7 mzk2009533571
|4 aut
|
| 245 |
1 |
0 |
|a Nealkoholické nápoje /
|c Alena Hrudková, Josef Markvart a kolektiv
|
| 250 |
|
|
|a 1. vyd.
|
| 260 |
|
|
|a Praha :
|b Státní nakladatelství technické literatury,
|c 1989
|
| 300 |
|
|
|a 557 s.
|
| 504 |
|
|
|a Obsahuje bibliografie
|
| 500 |
|
|
|a Dostupné též v digitální podobě v aplikaci Kramerius
|
| 700 |
1 |
|
|a Markvart, Josef
|7 mzk2011636327
|4 aut
|
| 856 |
4 |
1 |
|u http://www.digitalniknihovna.cz/mzk/uuid/uuid:edf24600-5572-11e7-bfb1-005056827e52
|y Digitalizovaný dokument
|x NDK
|
| 910 |
|
|
|a BOA001
|b TK-0242.006
|b 2-0943.990
|
| 920 |
|
|
|a 000013727
|
| 964 |
|
|
|a Nápoje nealkoholické - výroba
|
| 990 |
|
|
|a BK
|
| 996 |
6 |
|
|b 2619970948
|c 2-0943.990
|l MZK
|r Sklad / do 1 hodiny
|n 38
|w 000202885
|u 000020
|a 1
|e BOA001
|j MZK50
|s P
|
| 996 |
7 |
|
|b 2629993126
|c TK-0242.006
|l MZK
|r Sklad / do 24 hodin
|n 0
|w 000202885
|u 000010
|a 1
|e BOA001
|j MZK50
|s A
|